[Event "Skakligaen 2020-21"]
[Site "Denmark"]
[Date "2020.10.24"]
[Round "1.1"]
[White "Berkes, Ferenc"]
[Black "Fries Nielsen, Jens Ove"]
[Result "1-0"]
[WhiteElo "2665"]
[BlackElo "2380"]
[WhiteFideId "718572"]
[BlackFideId "1400142"]
[EventDate "2020.10.24"]
[EventType "team-tourn"]
[EventRounds "9"]
[EventCountry "DEN"]
[WhiteTeam "Koge"]
[BlackTeam "Fredericia"]
[WhiteTeamCountry "DEN"]
[BlackTeamCountry "DEN"]

1. d4  Nf6  2. Nf3  e6
 3. Bf4  Bd6  4. Bxd6
 cxd6  5. c4  Qb6
 6. Qb3  Qxb3  7. axb3
 Nc6  8. Nc3  Ke7
 9. e4  b6  10. d5
 Nb4  11. Nd4  a5
 12. Kd2  Ba6  13. Be2
 g5  14. f3  Rhg8
 15. g3  h5  16. Raf1
 h4  17. gxh4  gxh4
 18. Rhg1  Nh5  19. Ke3
 e5  20. Nf5+  Kf6
 21. Rg4  Nf4  22. Rfg1
 Rg6  23. Kd2  Nxe2
 24. Nxe2  a4  25. Nxd6
 axb3  26. Kc3  Nc2
 27. Kxb3  Ne3  28. Rxg6+
 fxg6  29. Kc3  h3
 30. b3  Rf8  31. Kd2
 Ng2  32. Ra1  Ke7
 33. Rxa6  Kxd6  34. Rxb6+
 Kc7  35. c5  Rxf3
 36. Nc3  Kd8  37. Rb8+
 Kc7  38. Rb6  Kd8
 39. d6  Ke8  40. Rb8+
 Kf7  41. c6  Rf2+
 42. Kc1   1-0

[Event "Skakligaen 2020-21"]
[Site "Denmark"]
[Date "2020.10.24"]
[Round "1.2"]
[White "Friis, Carsten Bank"]
[Black "Banusz, Tamas"]
[Result "0-1"]
[WhiteElo "2203"]
[BlackElo "2628"]
[WhiteFideId "1400495"]
[BlackFideId "722413"]
[EventDate "2020.10.24"]
[EventType "team-tourn"]
[EventRounds "9"]
[EventCountry "DEN"]
[WhiteTeam "Fredericia"]
[BlackTeam "Koge"]
[WhiteTeamCountry "DEN"]
[BlackTeamCountry "DEN"]

1. d4  d5  2. Nf3  Nf6
 3. Bf4  c5  4. e3
 Nc6  5. c3  Qb6 
6. Qc1  Bf5  7. Nbd2  Rc8
 8. dxc5  Qxc5  9. Nd4
 Bg6  10. Nxc6  Qxc6
 11. Nf3  Qb6  12. Be2
 e6  13. O-O  Be7
 14. Rd1  O-O  15. Bd3
 Bxd3  16. Rxd3  Ne4
 17. h3  Rfd8  18. Qc2
 Qa6  19. Rdd1  f6
 20. Re1  e5  21. Bh2
 b5  22. Nd2  Nc5
 23. a3  Qe6  24. f4
 e4  25. Nb3  Nd3
 26. Re2  Qb6  27. Nc1
 Nc5  28. Nb3  a5
 29. Nd4  Nd3  30. f5
 Bc5  31. Kh1  Bxd4
 32. exd4  b4  33. axb4
 axb4  34. Qb3  Qb5
 35. Bg3  Nc1  36. Rxc1
 Qxe2  37. Kh2  Qc4
 38. Qxc4  Rxc4  39. Be1
 Ra8  40. Kg3  b3
 41. Kf4  Ra2  42. Rb1
 Rca4  43. Bd2  Ra1
 44. Rxa1  Rxa1  45. c4
 Rb1  46. Bc3  Rc1
  0-1

[Event "Skakligaen 2020-21"]
[Site "Denmark"]
[Date "2020.10.24"]
[Round "1.3"]
[White "Thybo, Jesper Sondergaard"]
[Black "Guindy, Esmat Susanne"]
[Result "1-0"]
[WhiteElo "2573"]
[BlackElo "2131"]
[WhiteFideId "1438832"]
[BlackFideId "1401637"]
[EventDate "2020.10.24"]
[EventType "team-tourn"]
[EventRounds "9"]
[EventCountry "DEN"]
[WhiteTeam "Koge"]
[BlackTeam "Fredericia"]
[WhiteTeamCountry "DEN"]
[BlackTeamCountry "DEN"]

1. Nf3  d5  2. d4  Nf6
 3. c4  e6  4. g3
 Be7  5. Bg2  O-O
 6. O-O  c6  7. Qc2
 b6  8. b3  Bb7 
9. Rd1  Nbd7  10. Nc3  Rc8
 11. e4  c5  12. exd5
 exd5  13. Bb2  dxc4
 14. d5  Bd6  15. bxc4
 a6  16. Rab1  Re8
 17. Ba1  Rb8  18. Nh4
 Ne5  19. Ne4  Nxe4
 20. Bxe4  Ng6  21. Bxg6
 hxg6  22. Qb2  Be5
 23. Qxb6  Bxa1  24. Qxd8
 Rexd8  25. Rxa1  Bc8
 26. Rab1  Bd7  27. Rdc1
 Kf8  28. Nf3  f6
 29. Nd2  Bf5  30. Rb3
 g5  31. f3  Re8 
32. g4  Bg6  33. Kf2  Ke7
 34. Re1+  Kd7  35. Re6
 Rxb3  36. Nxb3  Rxe6
 37. Nxc5+  Kd6  38. Nxe6
 Bd3  39. Nxg7  Bxc4
 40. Nf5+  Kxd5  41. Ne3+
 Kd4  42. Nxc4  Kxc4
 43. f4  Kd4  44. Kg3
 Kd5  45. fxg5   1-0

[Event "Skakligaen 2020-21"]
[Site "Denmark"]
[Date "2020.10.24"]
[Round "1.4"]
[White "Easwaralingam, Adesh"]
[Black "Rozentalis, Eduardas"]
[Result "0-1"]
[WhiteElo "2110"]
[BlackElo "2538"]
[WhiteFideId "1448552"]
[BlackFideId "12800023"]
[EventDate "2020.10.24"]
[EventType "team-tourn"]
[EventRounds "9"]
[EventCountry "DEN"]
[WhiteTeam "Fredericia"]
[BlackTeam "Koge"]
[WhiteTeamCountry "DEN"]
[BlackTeamCountry "DEN"]

1. e4  e6  2. d4  d5
 3. Nd2  c5  4. Ngf3
 Nf6  5. exd5  Nxd5
 6. Bb5+  Bd7  7. Bxd7+
 Nxd7  8. Ne4  c4
 9. a4  Be7  10. c3
 O-O  11. O-O  h6
 12. Qe2  Qc7  13. h4
 Rfe8  14. g3  Bf8
 15. Ne5  Nxe5  16. dxe5
 Qxe5  17. Qxc4  Rac8
 18. Qd4  Qxd4  19. cxd4
 Rc2  20. Rd1  Bb4
 21. Kf1  f5  22. Nd2
 Bxd2  23. Rxd2  Rec8
 24. Rxc2  Rxc2  25. b3
 Kf7  26. Ke1  Nb4
 27. Bd2  Nc6  28. Kd1
 Rb2  29. Ra3  Nxd4
 30. b4  Rb1+  31. Bc1
  0-1

[Event "Skakligaen 2020-21"]
[Site "Denmark"]
[Date "2020.10.24"]
[Round "1.5"]
[White "Danielsen, Henrik"]
[Black "Madsen, Michael B"]
[Result "1-0"]
[WhiteElo "2514"]
[BlackElo "2046"]
[WhiteFideId "1400185"]
[BlackFideId "1413031"]
[EventDate "2020.10.24"]
[EventType "team-tourn"]
[EventRounds "9"]
[EventCountry "DEN"]
[WhiteTeam "Koge"]
[BlackTeam "Fredericia"]
[WhiteTeamCountry "DEN"]
[BlackTeamCountry "DEN"]

1. Nf3  Nf6  2. c4  e6
 3. g3  a6  4. Bg2
 b5  5. b3  Bb7 
6. O-O  c5  7. Nc3  b4
 8. Na4  Be7  9. Bb2
 O-O  10. d4  cxd4
 11. Qxd4  Nc6  12. Qb6
 Qxb6  13. Nxb6  Rad8
 14. Rad1  d6  15. Ne1
 Nd7  16. Nxd7  Rxd7
 17. Nd3  a5  18. Nc5
  1-0

[Event "Skakligaen 2020-21"]
[Site "Denmark"]
[Date "2020.10.24"]
[Round "1.6"]
[White "Sorensen, Lars Desmond"]
[Black "Smith, Axel"]
[Result "0-1"]
[WhiteElo "2055"]
[BlackElo "2448"]
[WhiteFideId "1419439"]
[BlackFideId "1707930"]
[EventDate "2020.10.24"]
[EventType "team-tourn"]
[EventRounds "9"]
[EventCountry "DEN"]
[WhiteTeam "Fredericia"]
[BlackTeam "Koge"]
[WhiteTeamCountry "DEN"]
[BlackTeamCountry "DEN"]

1. d4  Nf6  2. Nf3  c5
 3. d5  b5  4. Bg5
 g6  5. Bxf6  exf6
 6. Nc3  b4  7. Ne4
 f5  8. d6  Bg7 
9. Qd5  Nc6  10. Neg5  O-O
 11. Rb1  Bb7  12. Qxc5
 Qb6  13. Qxb6  axb6
 14. e3  h6  15. Nh3
 Rxa2  16. Bc4  Rxb2 17. Rxb2
 Bxb2  18. O-O  Ne5
 19. Nxe5  Bxe5  20. Nf4
 Kg7  21. Rd1  Rc8
 22. Bb3  Rc6  23. Ba4
 Rxd6  24. Rxd6  Bxd6
 25. Bxd7  Bxf4  26. exf4
 Kf6  27. f3  Ke7
 28. Bb5  Kd6  29. Kf2
 Kc5  30. Be8  Bd5
 31. Ke3  Kc4  32. Kd2
 Kd4  33. Ba4  Bc4
 34. Bc6  Bf1  35. g3
 Bc4  36. Be8  Bd5
 37. Ke2  Kc3  38. Ba4
 Bc4+  39. Ke3  b5
 40. Bb3  Bxb3   0-1

[Event "Skakligaen 2020-21"]
[Site "Denmark"]
[Date "2020.10.24"]
[Round "1.7"]
[White "Chatalbashev, Boris"]
[Black "Jakobsen, Jonas Nybo"]
[Result "1-0"]
[WhiteElo "2522"]
[BlackElo "1928"]
[WhiteFideId "2900440"]
[BlackFideId "1446916"]
[EventDate "2020.10.24"]
[EventType "team-tourn"]
[EventRounds "9"]
[EventCountry "DEN"]
[WhiteTeam "Koge"]
[BlackTeam "Fredericia"]
[WhiteTeamCountry "DEN"]
[BlackTeamCountry "DEN"]

1. d4  Nf6  2. c4  g6
 3. Nc3  Bg7  4. e4
 d6  5. Be2  O-O 
6. Be3  Nbd7  7. Nf3  e5
 8. O-O  Re8  9. d5
 b6  10. b4  Ng4 
11. Bg5  f6  12. Bd2  Nh6
 13. Qc2  Rf8  14. Rac1
 f5  15. Ng5  Nf6
 16. c5  fxe4  17. cxd6
 cxd6  18. Ncxe4  Nxe4
 19. Qxe4  Nf5  20. Bc4
 Nd4  21. Ne6  Bxe6
 22. dxe6  Qe7  23. Bg5
 Qxg5  24. e7+  Kh8
 25. exf8=Q+  Rxf8  26. Kh1
 Qd2  27. Qe1  Qf4
 28. Bd5  Bh6  29. Rc7
 Qh4  30. Rxa7  Nf3
 31. Bxf3  Rxf3  32. Qe2
 Rf6  33. Qb5  Bf8
 34. Qxb6  Qc4  35. Kg1
 Qh4  36. Qd8  e4
 37. Rf7   1-0

[Event "Skakligaen 2020-21"]
[Site "Denmark"]
[Date "2020.10.24"]
[Round "1.8"]
[White "Christensen, Hans Ulrich"]
[Black "Ahlander, Bjorn"]
[Result "0-1"]
[WhiteElo "2008"]
[BlackElo "2392"]
[WhiteFideId "1412558"]
[BlackFideId "1700251"]
[EventDate "2020.10.24"]
[EventType "team-tourn"]
[EventRounds "9"]
[EventCountry "DEN"]
[WhiteTeam "Fredericia"]
[BlackTeam "Koge"]
[WhiteTeamCountry "DEN"]
[BlackTeamCountry "DEN"]

1. e4  c5  2. Nc3  a6
 3. g3  b5  4. Bg2
 Bb7  5. d3  e6 
6. Nh3  Nf6  7. O-O  b4
 8. Ne2  d5  9. exd5
 Bxd5  10. Nef4  Bxg2
 11. Kxg2  Nc6  12. b3
 e5  13. Re1  Be7
 14. Nh5  Qd5+  15. Kg1
 Nxh5  16. Qxh5  Nd4
 17. Re4  O-O  18. Bb2
 f5  19. Re3  Bf6
 20. Bxd4  cxd4  21. Re2
 g6  22. Qh6  Bg7
 23. Qg5  Qf3  24. Qd2
 Qh5  25. Ng5  Rae8
 26. h4  h6  27. Nh3
 g5  28. Kh2  gxh4
 29. gxh4  Kh8  30. Rg1
 e4  31. Rxg7  Kxg7
 32. dxe4  fxe4  33. Qxd4+
 Qe5+  34. Qxe5+  Rxe5
 35. f4  Re6  36. Kg3
 Kf6  37. f5  Re5
 38. Kg4  Rg8+  39. Kf4
 Rxf5+  40. Kxe4  Re8+
 41. Kd3  Rf3+   0-1

[Event "Skakligaen 2020-21"]
[Site "Denmark"]
[Date "2020.10.24"]
[Round "1.1"]
[White "Hector, Jonny"]
[Black "Rasmussen, Allan Stig"]
[Result "0-1"]
[WhiteElo "2483"]
[BlackElo "2559"]
[WhiteFideId "1700090"]
[BlackFideId "1406000"]
[EventDate "1"]
[EventType "team-tourn"]
[EventRounds "9"]
[EventCountry "DEN"]
[WhiteTeam "Nordkalotten"]
[BlackTeam "Jetsmark"]
[WhiteTeamCountry "DEN"]
[BlackTeamCountry "DEN"]

1. e4  c6  2. d4  d5
 3. e5  Bf5  4. h4
 h5  5. c4  e6 
6. Nc3  Ne7  7. Nge2  Nd7
 8. Ng3  Bg6  9. Bg5
 Qb6  10. Rc1  Qxb2
 11. Bd3  dxc4  12. Bxg6
 Nxg6  13. Nxh5  Be7
 14. Nxg7+  Kf8  15. Nh5
 Bxg5  16. hxg5  Rd8
 17. Rc2  Qb4  18. Qg4
 c5  19. Rh3  cxd4
 20. Qxd4  Qc5  21. Rd2
 Qxe5+  22. Ne4  b5
 23. g4  Qxd4  24. Rxd4
 Ke7  25. Ra3  Nge5
 26. Nhf6  Nc6  27. Rd6
 Nde5  28. Rxd8  Rxd8
 29. Ra6  Nd3+  30. Kf1
 Ndb4  31. Ra3  Rd3
 32. Rxd3  Nxd3  33. a3
 Nd4  34. Nc3  a5
 35. Kg2  b4  36. axb4
 axb4  37. Nfe4  bxc3
 38. Nxc3  Nf4+  39. Kf1
 Nf3   0-1

[Event "Skakligaen 2020-21"]
[Site "Denmark"]
[Date "2020.10.24"]
[Round "1.2"]
[White "Baekgaard, Martin"]
[Black "Brynell, Stellan"]
[Result "0-1"]
[WhiteElo "2328"]
[BlackElo "2414"]
[WhiteFideId "1405586"]
[BlackFideId "1700219"]
[EventDate "1"]
[EventType "team-tourn"]
[EventRounds "9"]
[EventCountry "DEN"]
[WhiteTeam "Jetsmark"]
[BlackTeam "Nordkalotten"]
[WhiteTeamCountry "DEN"]
[BlackTeamCountry "DEN"]

1. d4  Nf6  2. c4  e6
 3. g3  c5  4. d5
 exd5  5. cxd5  d6
 6. Nc3  g6  7. Bg2
 Bg7  8. Nf3  O-O
 9. O-O  Re8  10. Bf4
 Ne4  11. Nxe4  Rxe4
 12. Nd2  Rb4  13. b3
 Rxf4  14. gxf4  Bxa1
 15. Qxa1  Nd7  16. Ne4
 Qe7  17. Rd1  f5
 18. Ng5  Qf6  19. Ne6
 Qxa1  20. Rxa1  Nf6
 21. Nc7  Rb8  22. Nb5
 Ne8  23. a4  a6 
24. Nc3  b6  25. Rb1  Bd7
 26. b4  cxb4  27. Rxb4
 Rc8  28. Rb3  Rc4
 29. e3  a5  30. Bf1
 Rb4  31. Rxb4  axb4
 32. Na2  Bxa4  33. Nxb4
 Bb3  34. Bb5  Nf6
 35. Bc6  Bc4  36. f3
 Kf8  37. Kf2  Ke7
 38. Ke1  Kd8  39. Kd2
 Kc7  40. e4  fxe4
 41. fxe4  Nxe4+  42. Ke3
 Nf6  43. f5  g5 
44. Kd4  Be2  45. Na2  Kd8
 46. Nc3  Bg4  47. Na4
 Bxf5  48. Nxb6  Ng4
 49. Nc4  Ke7   0-1

[Event "Skakligaen 2020-21"]
[Site "Denmark"]
[Date "2020.10.24"]
[Round "1.3"]
[White "Kristensen, Kaare Hove"]
[Black "Jensen, Bjarke"]
[Result "1-0"]
[WhiteElo "2356"]
[BlackElo "2358"]
[WhiteFideId "1400940"]
[BlackFideId "1403702"]
[EventDate "1"]
[EventType "team-tourn"]
[EventRounds "9"]
[EventCountry "DEN"]
[WhiteTeam "Nordkalotten"]
[BlackTeam "Jetsmark"]
[WhiteTeamCountry "DEN"]
[BlackTeamCountry "DEN"]

1. Nf3  d5  2. c4  d4
 3. e3  c5 4. b4  Nd7
 5. bxc5  e5  6. exd4
 exd4  7. Be2  Nxc5
 8. d3  Ne7  9. O-O
 Nc6  10. Nbd2  Be7
 11. Nb3  Ne6  12. a4
 O-O  13. Ba3  Bxa3
 14. Rxa3  Qf6  15. Nfd2
 Nf4  16. Ne4  Nxe2+
 17. Qxe2  Qe7  18. Raa1
 f5  19. Ng3  Qh4
 20. f4  Bd7  21. Qf2
 Rad8  22. Nxd4  Nb4
 23. Qd2  a5  24. Nf3
 Qf6  25. d4  b6 
26. Ne2  Bc8  27. d5  Ba6
 28. Rac1  Rc8  29. Ne5
 Qd6  30. Nd4  g6
 31. Qb2  Rfe8  32. Ndc6
 Nxc6  33. dxc6  Qc5+
 34. Kh1  Rc7  35. Nd7
 Qxc6  36. Nf6+  Kf7
 37. Nxe8  Qxe8  38. Qxb6
 Rc6  39. Qa7+  Kg8
 40. Rfe1   1-0

[Event "Skakligaen 2020-21"]
[Site "Denmark"]
[Date "2020.10.24"]
[Round "1.4"]
[White "Wiwe, Andreas"]
[Black "Hove, Esben Kjems"]
[Result "1-0"]
[WhiteElo "2315"]
[BlackElo "2318"]
[WhiteFideId "1407937"]
[BlackFideId "1401505"]
[EventDate "1"]
[EventType "team-tourn"]
[EventRounds "9"]
[EventCountry "DEN"]
[WhiteTeam "Jetsmark"]
[BlackTeam "Nordkalotten"]
[WhiteTeamCountry "DEN"]
[BlackTeamCountry "DEN"]

1. e4  c6  2. d4  d5
 3. e5  Bf5  4. c4
 e6  5. Nc3  Ne7 
6. Nge2  Nd7  7. Ng3  Bg6
 8. h4  h6  9. h5
 Bh7  10. Be3  dxc4
 11. Bxc4  Nb6  12. Bb3
 Ned5  13. O-O  Be7
 14. Qg4  Rg8  15. Nce4
 Qc8  16. Rac1  f5
 17. exf6  gxf6  18. Qf3
 f5  19. Nc3  Qd7
 20. Bxh6  O-O-O  21. Rfe1
 Bd6  22. a4  Bxg3
 23. fxg3  Nc7  24. a5
 Nbd5  25. Nxd5  exd5
 26. Bf4  a6  27. Re5
 Rge8  28. Rce1  Nb5
 29. Rxe8  Rxe8  30. Rxe8+
 Qxe8  31. Be5  b6
 32. Bc2  Qd7  33. g4
  1-0

[Event "Skakligaen 2020-21"]
[Site "Denmark"]
[Date "2020.10.24"]
[Round "1.5"]
[White "Sylvan, Jacob"]
[Black "Rosenkilde, Alexander"]
[Result "0-1"]
[WhiteElo "2301"]
[BlackElo "2250"]
[WhiteFideId "1402137"]
[BlackFideId "1408488"]
[EventDate "1"]
[EventType "team-tourn"]
[EventRounds "9"]
[EventCountry "DEN"]
[WhiteTeam "Nordkalotten"]
[BlackTeam "Jetsmark"]
[WhiteTeamCountry "DEN"]
[BlackTeamCountry "DEN"]

1. c4  e5  2. Nc3  Nc6
 3. Nf3  Nf6  4. e4
 Bb4  5. d3  h6 
6. a3  Bxc3+  7. bxc3  d6
 8. Be2  O-O  9. O-O
 Ne7  10. Ne1  Ng6
 11. Nc2  c6  12. Ne3
 Be6  13. Re1  Qc7
 14. Bf1  Rad8  15. Qf3
 Qc8  16. g3  Ne7
 17. Bg2  Rfe8  18. a4
 d5  19. cxd5  cxd5
 20. exd5  Nexd5  21. Bb2
 b6  22. a5  Nxe3
 23. Qxe3  Bd5  24. f3
 Bb7  25. c4  Nd7
 26. Bf1  Qc6  27. Be2
 Nc5  28. axb6  axb6
 29. Kf2  Nb3  30. Rab1
 Nd4  31. Bd1  Re6
 32. Rf1  Nf5  33. Qe2
 Qc5+  34. Ke1  Red6
 35. Bc2  Ne3  36. Bc1
 Nxc2+  37. Qxc2  Rxd3
 38. Ke2  e4  39. fxe4
 Bxe4  40. Qb2  Qh5+
 41. Ke1  Rd1+  42. Kf2
 Qf3+   0-1

[Event "Skakligaen 2020-21"]
[Site "Denmark"]
[Date "2020.10.24"]
[Round "1.6"]
[White "Christensen, Stefan"]
[Black "Schmidt, Kristen"]
[Result "1/2-1/2"]
[WhiteElo "2265"]
[BlackElo "2287"]
[WhiteFideId "1404148"]
[BlackFideId "1400436"]
[EventDate "1"]
[EventType "team-tourn"]
[EventRounds "9"]
[EventCountry "DEN"]
[WhiteTeam "Jetsmark"]
[BlackTeam "Nordkalotten"]
[WhiteTeamCountry "DEN"]
[BlackTeamCountry "DEN"]

1. d4  Nf6  2. Bg5  Ne4
 3. Bf4  c5  4. f3
 Qa5+  5. c3  Nf6
 6. Nd2  cxd4  7. Nb3
 Qb6  8. Qxd4  Qxd4
 9. cxd4  d5  10. e3
 e6  11. Rc1  Nc6
 12. g4  Bb4+  13. Kf2
 Ke7  14. Bb5  Bd7
 15. Ne2  Bd6  16. Bxc6
 Bxc6  17. Na5  Rhc8
 18. Rc3  Ne8  19. Rhc1
 Bxf4  20. Nxf4  Bd7
 21. Nxb7  Rab8  22. Nc5
 Rxb2+  23. R1c2  Rxc2+
 24. Rxc2  Bb5  25. Rb2
 Nd6  26. Ne2  Bxe2
  1/2-1/2

[Event "Skakligaen 2020-21"]
[Site "Denmark"]
[Date "2020.10.24"]
[Round "1.7"]
[White "Nielsen, Lars Aaes"]
[Black "Rathlev, Jakob"]
[Result "0-1"]
[WhiteElo "2189"]
[BlackElo "2210"]
[WhiteFideId "1401726"]
[BlackFideId "1405284"]
[EventDate "1"]
[EventType "team-tourn"]
[EventRounds "9"]
[EventCountry "DEN"]
[WhiteTeam "Nordkalotten"]
[BlackTeam "Jetsmark"]
[WhiteTeamCountry "DEN"]
[BlackTeamCountry "DEN"]

1. b3  d5  2. Bb2  Nf6
 3. e3  Bf5  4. f4
 e6  5. Nf3  Be7 
6. Ne5  Nbd7  7. Be2  O-O
 8. O-O  Nxe5  9. Bxe5
 Nd7  10. Bb2  Bf6
 11. Bxf6  Qxf6  12. Nc3
 d4  13. Nb5  dxe3
 14. dxe3  Rfd8  15. Qe1
 a6  16. Nd4  Be4
 17. Bf3  Qg6  18. Qc3
 c5  19. Bxe4  Qxe4
 20. Nf3  Nf6  21. Rae1
 Qd5  22. Qb2  Ne4
 23. c4  Qd3  24. Ne5
 Qc3  25. Qxc3  Nxc3
 26. Rf2  f6  27. Nf3
 Ne4  28. Rc2  Rd3
 29. g3  Kf7  30. Kf1
 Rad8  31. Ree2  Ke7
 32. Ne1  Rd1  33. Kg2
 h6  34. h4  h5 
35. Nf3  b5  36. Ne1  b4
 37. Nf3  a5  38. Ne1
 Nc3   0-1

[Event "Skakligaen 2020-21"]
[Site "Denmark"]
[Date "2020.10.24"]
[Round "1.8"]
[White "Grubert, Christian"]
[Black "Pedersen, Daniel Vesterbaek"]
[Result "0-1"]
[WhiteElo "2148"]
[BlackElo "2136"]
[WhiteFideId "1406744"]
[BlackFideId "1402161"]
[EventDate "1"]
[EventType "team-tourn"]
[EventRounds "9"]
[EventCountry "DEN"]
[WhiteTeam "Jetsmark"]
[BlackTeam "Nordkalotten"]
[WhiteTeamCountry "DEN"]
[BlackTeamCountry "DEN"]

1. e4  e5  2. Nf3  Nc6
 3. Bb5  a6  4. Ba4
 Nf6  5. O-O  Be7
 6. Re1  b5  7. Bb3
 O-O  8. d3  d6 
9. c3  Na5  10. Bc2  c5
 11. Nbd2  Re8  12. Nf1
 Bf8  13. Bg5  h6
 14. Bh4  Be7  15. Ne3
 Nc6  16. d4  exd4
 17. cxd4  Ng4  18. Bxe7
 Nxe7  19. Qd3  Nxe3
 20. Rxe3  Ng6  21. Rd1
 Be6  22. d5  Bg4
 23. Qd2  Nh4  24. Kh1
 Qf6  25. Qc3  Qxc3
 26. Rxc3  Bxf3  27. gxf3
 Ng6  28. Rg1  Nf4
 29. Rg4  g5  30. Re3
 f6  31. Rg1  Kf7
 32. Ra1  a5  33. a4
 Reb8  34. b3  bxa4
 35. Rxa4  Rb4  36. Rc3
 Rxa4  37. bxa4  Rb8
 38. Rb3  Rb4  39. Rxb4
 cxb4  40. Kg1  Ne2+
 41. Kf1  Nd4  42. Bb1
 Nxf3  43. Ke2  Nxh2
 44. Bd3  g4  45. Ke3
 Nf3  46. Ba6  h5
 47. Bd3  Ne5  48. Bb1
 b3   0-1

[Event "Skakligaen 2020-21"]
[Site "Denmark"]
[Date "2020.10.24"]
[Round "1.1"]
[White "Nielsen, Viktor Haarmark"]
[Black "Thogersen, Rasmus"]
[Result "1-0"]
[WhiteElo "2327"]
[BlackElo "2293"]
[WhiteFideId "1444492"]
[BlackFideId "1431412"]
[EventDate "1"]
[EventType "team-tourn"]
[EventRounds "9"]
[EventCountry "DEN"]
[WhiteTeam "Obro"]
[BlackTeam "SK1968"]
[WhiteTeamCountry "DEN"]
[BlackTeamCountry "DEN"]

1. e4  e6  2. d4  d5
 3. Nc3  Nf6  4. e5
 Nfd7  5. f4  c5 
6. Nf3  Nc6  7. Be3  Be7
 8. Qd2  O-O  9. dxc5
 Qa5  10. Bd3  Bxc5
 11. Bxh7+  Kxh7  12. Ng5+
 Kg8  13. Qd3  Rd8
 14. Qh7+  Kf8  15. Qh5
 Ndxe5  16. fxe5  Nxe5
 17. Rf1  Ke7  18. Bxc5+
 Qxc5  19. Rxf7+   1-0

[Event "Skakligaen 2020-21"]
[Site "Denmark"]
[Date "2020.10.24"]
[Round "1.2"]
[White "Matthiesen, Martin"]
[Black "Hurtado, Javier Marchena"]
[Result "1-0"]
[WhiteElo "2301"]
[BlackElo "2344"]
[WhiteFideId "1404067"]
[BlackFideId "2271583"]
[EventDate "1"]
[EventType "team-tourn"]
[EventRounds "9"]
[EventCountry "DEN"]
[WhiteTeam "SK1968"]
[BlackTeam "Obro"]
[WhiteTeamCountry "DEN"]
[BlackTeamCountry "DEN"]

1. d4  Nf6  2. c4  g6
 3. Nc3  Bg7  4. e4
 d6  5. Nf3  O-O 
6. Be2  e5  7. d5  a5
 8. Bg5  h6  9. Be3
 Na6  10. Nd2  Nd7
 11. O-O  Kh7  12. a3
 c5  13. dxc6  bxc6
 14. b4  Qc7  15. b5
 Nac5  16. Rb1  Ne6
 17. b6  Qb8  18. Bg4
 Ndc5  19. Bxc5  Nxc5
 20. Bxc8  Rxc8  21. Na4
 Nb7  22. c5  dxc5
 23. Qc2  Qd6  24. Nb3
 Bf8  25. Rfc1  f6
 26. Nbxc5  Nxc5  27. Nxc5
 Qxc5  28. Qxc5  Bxc5
 29. b7  Bxa3  30. Rxc6
 Rcb8  31. Rc7+  Kg8
 32. bxa8=Q  Rxa8  33. Rbb7
 Bf8  34. Ra7  Rxa7
 35. Rxa7  Bb4  36. Kf1
 f5  37. f3  h5 
38. Ke2  Bc5  39. Rxa5  Bd4
 40. Rd5  Kf7  41. Rxd4
 exd4  42. Kd3  Ke6
 43. Kxd4  h4  44. e5
 h3  45. g3  f4 
46. gxf4  Kf5   1-0

[Event "Skakligaen 2020-21"]
[Site "Denmark"]
[Date "2020.10.24"]
[Round "1.3"]
[White "Hansen, Mads Smith"]
[Black "Bank, Pelle Rodkjaer"]
[Result "1/2-1/2"]
[WhiteElo "2378"]
[BlackElo "2298"]
[WhiteFideId "1400258"]
[BlackFideId "1402889"]
[EventDate "1"]
[EventType "team-tourn"]
[EventRounds "9"]
[EventCountry "DEN"]
[WhiteTeam "Obro"]
[BlackTeam "SK1968"]
[WhiteTeamCountry "DEN"]
[BlackTeamCountry "DEN"]

1. Nf3  Nc6  2. e4  f5
 3. e5  d6  4. exd6
 e5  5. d4  exd4 
6. Nxd4  Nxd4  7. Qxd4  Qxd6
 8. Be3  Be6  9. Nc3
 Qxd4  10. Bxd4  c6
 11. Bd3  Kf7  12. O-O-O
 Be7  13. Rhe1  Bg5+
 14. Kb1  Nf6  15. Ne2
 Rhd8   1/2-1/2

[Event "Skakligaen 2020-21"]
[Site "Denmark"]
[Date "2020.10.24"]
[Round "1.4"]
[White "Ramsdal, Jens Albert"]
[Black "Hansen, Soren Bech"]
[Result "1-0"]
[WhiteElo "2283"]
[BlackElo "2272"]
[WhiteFideId "1429221"]
[BlackFideId "1400681"]
[EventDate "1"]
[EventType "team-tourn"]
[EventRounds "9"]
[EventCountry "DEN"]
[WhiteTeam "SK1968"]
[BlackTeam "Obro"]
[WhiteTeamCountry "DEN"]
[BlackTeamCountry "DEN"]

1. d4  f5  2. Bg5  h6
 3. Bf4  Nf6  4. Nc3
 e6  5. e4  Bb4 
6. exf5  O-O  7. Bd3  exf5
 8. Nge2  d5  9. O-O Nc6
 10. Na4  Ne7  11. c3
 Bd6  12. b3  Ng6
 13. Bxd6  Qxd6  14. f3
 b6  15. Qd2  Bd7
 16. Nb2  Rae8  17. Rae1
 Nh5  18. a4  Re7
 19. Nc1  Rfe8  20. Rxe7
 Qxe7  21. Bc2  Nhf4
 22. g3  Nh3+  23. Kg2
 Ng5  24. h4  Nf7
 25. Nbd3  Qf6  26. f4
 Nd6  27. Ne5  Bc8
 28. h5  Ne7  29. Qe2
 Ne4  30. Rf3  c5
 31. Re3  Qd6  32. Qb5
 Rd8  33. b4  cxd4
 34. cxd4  a6  35. Qe2
 Qxb4  36. Rb3  Qxd4
 37. Ncd3  a5  38. Nf3
 Qc4  39. Rxb6  Qc7
 40. Rb2  Ba6  41. Qe1
 Rc8  42. Nde5  Qc3
 43. Qxc3  Rc7 44. Qc5 Rxc5  45.
Rb5 Rc3 46. Rb8+  Rc8  47. Rxc8+ 
Bxc8  48. Nd4  Ba6  49. Nb3
 Be2  50. Nxa5  Bxh5
 51. Nb3  Be2  52. a5
 Bc4  53. Nd4  Nd6
 54. Ba4  Ba6  55. Nd7
 g5  56. Nc5  Bc4
 57. a6  Nec8  58. Bd7
 Na7  59. Bxf5  Nxf5
 60. Nxf5  gxf4  61. gxf4
 Kh7  62. Nd6  Kg6
 63. Nd7  Bd3  64. Ne5+
 Kf6  65. Nxd3  Ke6
 66. Nb7  h5  67. Kg3
 d4  68. Kh4  Nc6
 69. Kxh5  Kf5  70. Nd6+
 Kf6  71. Nb5  Kf5
 72. Nxd4+   1-0

[Event "Skakligaen 2020-21"]
[Site "Denmark"]
[Date "2020.10.24"]
[Round "1.5"]
[White "Larsen, Karsten"]
[Black "Matthiesen, Arne"]
[Result "1/2-1/2"]
[WhiteElo "2242"]
[BlackElo "2303"]
[WhiteFideId "1404288"]
[BlackFideId "1403524"]
[EventDate "1"]
[EventType "team-tourn"]
[EventRounds "9"]
[EventCountry "DEN"]
[WhiteTeam "Obro"]
[BlackTeam "SK1968"]
[WhiteTeamCountry "DEN"]
[BlackTeamCountry "DEN"]

1. e4  e6  2. d4  d5
 3. Nc3  dxe4  4. Nxe4
 Nd7  5. Nf3  Ngf6
 6. Bd3  Nxe4  7. Bxe4
 Nf6  8. Bd3  c5 
9. O-O  cxd4  10. Nxd4  Bc5
 11. Nb3  Bd6  12. Bb5+
 Bd7  13. Qe2  Bxb5
 14. Qxb5+  Qd7  15. Qe2
 O-O-O  16. Bd2  Qc6
 17. Bc3  Bc7  18. Rad1
 Nd5  19. Be5  Nf4
 20. Bxf4  Bxf4  21. Nd4
 Qb6  22. c3  Bc7
  1/2-1/2